000 01192nam a2200313 i 4500
001 60274
003 CO-BoRNBP
005 20260120153634.0
007 ta
008 250218s2025 ck gr 000 0dspa
020 _a9789587534245
_q(obra completa)
020 _a9789587536614
040 _aCO-BoRNBP
_bspa
_erda
_cCO-BoRNBP
041 0 _aspa
043 _as-ck---
082 0 4 _a070.4409861
_223
245 1 4 _aLas testigos del tiempo :
_bantología de crónica y periodismo /
_cSilveria Espinosa de Rendón [y otras] ; prólogo de Andrea Salgado ; compilación, Ana Lucía Barros Lozano
250 _aPrimera edición
264 1 _aBogotá, Colombia :
_bMinisterio de las Culturas, las Artes y los Saberes :
_bBiblioteca Nacional de Colombia,
_c2025.
300 _a229 páginas ;
_c21 cm
336 _aTexto
_btxt
_2rdacontent
337 _aSin mediación
_bn
_2rdamedia
338 _aVolumen
_bnc
_2rdacarrier
500 _aIncluye datos biográficos de la escritora de prólogo
650 1 7 _aCrónicas colombianas
_ySiglos XIX-XX
_vColecciones
_2lemb
_968178
700 1 0 _aSalgado, Andrea,
_d1977-
_ewfw
_968179
830 _aMujeres escritoras colombianas
_968119
942 _cBK
_n0
_2ddc
999 _c60274
_d60274